[Event "GER-chT North U14"]
[Site "Magdeburg"]
[Date "2012.09.08"]
[Round "5.2"]
[White "Rost, Henning"]
[Black "Cejda, Cecilia"]
[Result "0-1"]
[WhiteElo "1388"]
[BlackElo "1234"]
[PlyCount "98"]
[EventDate "2012.09.06"]
[EventType "team-swiss"]
[EventRounds "7"]
[EventCountry "GER"]
[SourceTitle "EXT 2015"]
[Source "ChessBase"]
[SourceDate "2014.11.20"]
[SourceVersion "1"]
[SourceVersionDate "2014.11.20"]
[SourceQuality "1"]
[WhiteTeam "Bad Schwartau"]
[BlackTeam "Magdeburg Aufbau Elbe"]
[WhiteTeamCountry "GER"]
[BlackTeamCountry "GER"]

1. e4 e5 2. Nf3 Nc6 3. c3 d5 4. Qa4 dxe4 5. Nxe5 Qd5 6. Nxc6 Bd7 7. Bc4 Qxc6 8. Qxc6 Bxc6 9. 0-0 Bc5 10. b4 Bb6 11. d4 exd3 12. Re1+ Ne7 13. Bxd3 0-0-0 14. Bc2 Rhe8 15. Na3 Nd5 16. Bb2 Rxe1+ 17. Rxe1 Nf4 18. c4 a5 19. g3 Nh3+ 20. Kf1 Kb8 21. b5 Bf3 22. Bxg7 Bxf2 23. Ra1 Bc5 24. Nb1 Rg8 25. Nd2 Bg4 26. Bc3 Re8 27. Re1 Rd8 28. Nb3 Bf2 29. Re7 a4 30. Na5 Bc5 31. Rxf7 Ng5 32. Rf6 Re8 33. Bf5 Be2+ 34. Kg2 Bf3+ 35. Kf1 Re2 36. Bd3 Re3 37. Rxf3 Nxf3 38. Bxh7 Rxc3 39. Kg2 Bb4 40. Be4 Bxa5 41. Bxf3 Rc2+ 42. Kh3 Rxa2 43. Kg4 Rxh2 44. Kg5 a3 45. g4 a2 46. Kg6 a1Q 47. c5 Qb1+ 48. Kf7 Rh6 49. Bxb7 Qh7+ 0-1

[Event "GER-ch U10"]
[Site "Willingen"]
[Date "2009.06.06"]
[Round "11"]
[White "Schmidt, Tobias"]
[Black "Rost, Henning"]
[Result "1-0"]
[WhiteElo "1205"]
[BlackElo "880"]
[PlyCount "111"]
[EventDate "2009.05.30"]
[EventType "swiss"]
[EventRounds "11"]
[EventCountry "GER"]
[SourceTitle "EXT 2010"]
[Source "ChessBase"]
[SourceDate "2010.11.25"]
[SourceVersion "1"]
[SourceVersionDate "2010.11.25"]
[SourceQuality "1"]

1. e4 d5 2. exd5 Qxd5 3. Nf3 Bg4 4. Be2 Nf6 5. d4 e6 6. c4 Qd6 7. Nc3 Nc6 8. Be3 Be7 9. 0-0 0-0 10. h3 Bh5 11. Ng5 Bxe2 12. Nxe2 h6 13. Nf3 Rad8 14. Qc2 e5 15. d5 Nb4 16. Qb3 a5 17. a3 e4 18. Ne1 Nd3 19. Nxd3 exd3 20. Qxd3 c6 21. a4 cxd5 22. cxd5 Qxd5 23. Qxd5 Nxd5 24. Bd2 Bb4 25. Bxb4 Nxb4 26. Rfd1 Rfe8 27. Nc3 b6 28. Kf1 Kf8 29. Rxd8 Rxd8 30. Ke2 Ke7 31. Rd1 Rxd1 32. Nxd1 Kd6 33. Kd2 Kd5 34. Ne3+ Ke4 35. Nc4 Nd3 36. Nd6+ Kd4 37. Nf5+ Kc4 38. b3+ Kxb3 39. Kxd3 Kxa4 40. Kc2 b5 41. Nxg7 Ka3 42. Kb1 Kb3 43. Nf5 Kc3 44. Nxh6 b4 45. Nxf7 a4 46. Nd6 a3 47. Nb5+ Kc4 48. Nxa3+ bxa3 49. Ka2 Kd4 50. Kxa3 Ke5 51. Kb4 Kf5 52. g4+ Kg5 53. Kc5 Kf4 54. Kd5 Kg5 55. Ke5 Kh4 56. Kf5 1-0

[Event "GER-ch U10"]
[Site "Willingen"]
[Date "2009.06.05"]
[Round "10"]
[White "Rost, Henning"]
[Black "Hermann, Tobias"]
[Result "1-0"]
[WhiteElo "880"]
[BlackElo "1161"]
[PlyCount "97"]
[EventDate "2009.05.30"]
[EventType "swiss"]
[EventRounds "11"]
[EventCountry "GER"]
[SourceTitle "EXT 2010"]
[Source "ChessBase"]
[SourceDate "2010.11.25"]
[SourceVersion "1"]
[SourceVersionDate "2010.11.25"]
[SourceQuality "1"]

1. e4 e5 2. Nf3 d6 3. c3 Be7 4. d4 exd4 5. cxd4 Nf6 6. Nc3 Bg4 7. Be2 c6 8. h3 Bh5 9. Be3 Nbd7 10. Nd2 Bxe2 11. Nxe2 0-0 12. 0-0 h6 13. Ng3 Qc7 14. Nf3 Rfe8 15. Re1 Bf8 16. Bf4 Rad8 17. Qc2 Qb6 18. Re2 c5 19. d5 g6 20. b3 Bg7 21. Rae1 Kh7 22. Qc4 a6 23. Rd1 Qa7 24. a4 Nb6 25. Qd3 c4 26. bxc4 Nxa4 27. e5 dxe5 28. Bxe5 Ng8 29. Ra1 Bxe5 30. Nxe5 Nc5 31. Qc3 Rf8 32. h4 h5 33. Ne4 Nxe4 34. Rxe4 Nf6 35. Rf4 Nd7 36. Rxf7+ Rxf7 37. Nxf7 Rf8 38. Ng5+ Kg8 39. Rf1 Nf6 40. Qc2 b6 41. Qxg6+ Kh8 42. Ne6 Rf7 43. Re1 Qe7 44. Kf1 Qa7 45. Ng5 Rf8 46. Re6 Ng8 47. Qxh5+ Nh6 48. Qxh6+ Qh7 49. Qxh7# 1-0

[Event "GER-ch U10"]
[Site "Willingen"]
[Date "2009.06.04"]
[Round "8"]
[White "Rost, Henning"]
[Black "Gschnitzer, Adrian"]
[Result "0-1"]
[WhiteElo "880"]
[BlackElo "1253"]
[PlyCount "60"]
[EventDate "2009.05.30"]
[EventType "swiss"]
[EventRounds "11"]
[EventCountry "GER"]
[SourceTitle "EXT 2010"]
[Source "ChessBase"]
[SourceDate "2010.11.25"]
[SourceVersion "1"]
[SourceVersionDate "2010.11.25"]
[SourceQuality "1"]

1. e4 c5 2. Nf3 Nc6 3. c3 e6 4. d4 d5 5. exd5 exd5 6. Be3 Qb6 7. b3 Be6 8. Be2 Rc8 9. 0-0 g6 10. Qd2 cxd4 11. Nxd4 Qa5 12. b4 Qd8 13. Nxc6 bxc6 14. Bxa7 Bg7 15. Bd4 Nf6 16. Re1 0-0 17. Na3 Ne4 18. Qe3 Bf5 19. Bxg7 Kxg7 20. Qd4+ f6 21. f3 Nd6 22. Bd3 Ra8 23. Nc2 Nb5 24. Bxb5 cxb5 25. Ne3 Be6 26. Qc5 Qd7 27. Re2 Ra3 28. Nc2 Rc8 29. Qd4 Raxc3 30. Rc1 Bf5 0-1

[Event "GER-ch U10"]
[Site "Willingen"]
[Date "2009.06.03"]
[Round "6"]
[White "Rost, Henning"]
[Black "Hutton, Jim"]
[Result "1-0"]
[WhiteElo "880"]
[BlackElo "1167"]
[PlyCount "109"]
[EventDate "2009.05.30"]
[EventType "swiss"]
[EventRounds "11"]
[EventCountry "GER"]
[SourceTitle "EXT 2010"]
[Source "ChessBase"]
[SourceDate "2010.11.25"]
[SourceVersion "1"]
[SourceVersionDate "2010.11.25"]
[SourceQuality "1"]

1. e4 e6 2. Nf3 d5 3. exd5 exd5 4. c3 Nc6 5. d4 Nf6 6. Bd3 Bg4 7. h3 Bh5 8. 0-0 Qd7 9. Re1+ Be7 10. Bg5 0-0-0 11. Nbd2 h6 12. Bh4 Kb8 13. Qb3 b6 14. Bb5 Rhe8 15. Ne5 Qd6 16. Nxc6+ Kb7 17. Nxd8+ Rxd8 18. Be2 Bg6 19. Bg3 Qd7 20. Qb5 Qxb5 21. Bxb5 Bd6 22. Bxd6 Rxd6 23. Re2 a6 24. Ba4 b5 25. Bd1 Kb6 26. b3 c5 27. b4 cxb4 28. cxb4 a5 29. a3 Ne4 30. Nxe4 dxe4 31. Rd2 f5 32. Bb3 a4 33. Ba2 f4 34. Re1 Kc6 35. g3 f3 36. d5+ Kd7 37. Bb1 e3 38. fxe3 Bxb1 39. Rxb1 Rg6 40. Kf2 Rf6 41. Rd4 Kd6 42. Rf4 Rxf4 43. gxf4 Kxd5 44. Kxf3 Ke6 45. Rd1 Ke7 46. Kg4 g5 47. Rd5 gxf4 48. exf4 Ke6 49. Rxb5 Kf6 50. h4 h5+ 51. Rxh5 Ke6 52. Rg5 Kf6 53. h5 Kf7 54. h6 Kf6 55. h7 1-0